| 000 | 00606nam a2200157 i 4500 | ||
|---|---|---|---|
| 001 | 47765 | ||
| 003 | ES-MaACL | ||
| 005 | 20230906161627.0 | ||
| 007 | t| | ||
| 008 | 030522s1906 sp ||||1| spa d | ||
| 245 | 0 | 0 |
_aContribución sobre utilidades de la riqueza mobiliaria _b: Ley reformada de 27 de marzo de 1900 y Reglamento definitivo de 17 de septiembre de 1906 : anotado y concordado. |
| 260 |
_aMadrid : _b[s.n.], _c1906 ( _fImp. de la Gaceta de Madrid) |
||
| 300 |
_a79 p. ; _c19 cm. |
||
| 500 | _aForma parte de la "Biblioteca legislativa de la Gaceta de Madrid" | ||
| 852 |
_aES-MaACL _jT-1206-F-1 |
||
| 999 |
_c47765 _d47765 |
||